[Event "Sao Paulo-ch fin"]
[Site "Serra Negra"]
[Date "2002.??.??"]
[Round "?"]
[White "De Castro, Alexandre Zanini"]
[Black "Rodriguez Vila, Andres"]
[Result "0-1"]
[WhiteElo "2296"]
[BlackElo "2467"]
[PlyCount "72"]
[EventDate "2002.05.30"]
[EventType "swiss"]
[EventRounds "9"]
[EventCountry "BRA"]
[SourceTitle "CBM 088 Extra"]
[Source "ChessBase"]
[SourceDate "2002.07.01"]
[SourceVersion "2"]
[SourceVersionDate "2002.07.01"]
[SourceQuality "1"]

1. e4 e6 2. d3 d5 3. Nd2 Nf6 4. Ngf3 Bc5 5. e5 Nfd7 6. d4 Be7 7. Nb3 b6 8. c3
c5 9. a4 O-O 10. Bf4 Qc7 11. a5 Ba6 12. Bxa6 Nxa6 13. Qe2 Qb7 14. axb6 axb6 15.
O-O Nc7 16. g3 c4 17. Nbd2 b5 18. h4 Rxa1 19. Rxa1 Ra8 20. Qd1 Nb6 21. h5 h6
22. Nf1 Ra6 23. Rb1 Ra2 24. N1h2 Na4 25. Qc1 Bf8 26. Ng4 Ne8 27. Kg2 b4 28. Bd2
b3 29. Ne3 Nxb2 30. Rxb2 Ba3 31. Nd1 Bxb2 32. Nxb2 Qa8 33. Bxh6 Qa3 34. Bxg7
Qxb2 35. Qg5 Qxf2+ 36. Kh3 Qxf3 0-1

[Event "Sao Paulo-ch fin"]
[Site "Serra Negra"]
[Date "2002.??.??"]
[Round "?"]
[White "Gerbelli Neto, Eduardo"]
[Black "Rodriguez Vila, Andres"]
[Result "0-1"]
[WhiteElo "2157"]
[BlackElo "2467"]
[PlyCount "112"]
[EventDate "2002.05.30"]
[EventType "swiss"]
[EventRounds "9"]
[EventCountry "BRA"]
[SourceTitle "CBM 088 Extra"]
[Source "ChessBase"]
[SourceDate "2002.07.01"]
[SourceVersion "2"]
[SourceVersionDate "2002.07.01"]
[SourceQuality "1"]

1. e4 e6 2. d4 d5 3. Nd2 Nf6 4. e5 Nfd7 5. Bd3 b6 6. Ne2 Ba6 7. Bxa6 Nxa6 8.
O-O c5 9. c3 b5 10. f4 cxd4 11. cxd4 Qb6 12. Kh1 Be7 13. f5 exf5 14. Rxf5 O-O
15. Rf1 Rac8 16. Nf3 Qc6 17. a4 b4 18. Qd3 Qc4 19. Qe3 Nc7 20. Bd2 Ne6 21. Ng3
g6 22. b3 Qa6 23. Qe1 Qb7 24. Bh6 Rfe8 25. Qf2 Nb8 26. Ne2 Bf8 27. Bxf8 Rxf8
28. Rac1 Nc6 29. Qe3 Na5 30. h4 Rxc1 31. Rxc1 Rc8 32. Rxc8+ Qxc8 33. Qc1 Qa6
34. Qc2 Nc6 35. Kh2 h5 36. Qd2 Qb6 37. Qd3 Kg7 38. g3 Ne7 39. Kg2 Nf5 40. Qd2
Qc6 41. Kf2 Qb6 42. Qd3 Nh6 43. Qd2 Ng4+ 44. Kg2 Qc7 45. Nh2 Qc2 46. Qxc2 Ne3+
47. Kf2 Nxc2 48. Nf3 a5 49. Kf1 Kh6 50. Kf2 g5 51. hxg5+ Nxg5 52. Nxg5 Kxg5 53.
Kf3 Kf5 54. Nf4 Nxd4+ 55. Ke3 Nxb3 56. Nxd5 Nc5 0-1

[Event "Sao Paulo-ch fin"]
[Site "Serra Negra"]
[Date "2002.??.??"]
[Round "?"]
[White "Milos, Gilberto"]
[Black "Rodriguez Vila, Andres"]
[Result "1/2-1/2"]
[WhiteElo "2574"]
[BlackElo "2467"]
[PlyCount "24"]
[EventDate "2002.05.30"]
[EventType "swiss"]
[EventRounds "9"]
[EventCountry "BRA"]
[SourceTitle "CBM 088 Extra"]
[Source "ChessBase"]
[SourceDate "2002.07.01"]
[SourceVersion "2"]
[SourceVersionDate "2002.07.01"]
[SourceQuality "1"]

1. e4 e5 2. Nf3 Nc6 3. Bb5 a6 4. Ba4 Nf6 5. O-O d6 6. Re1 b5 7. Bb3 Be7 8. c3
O-O 9. h3 Re8 10. d4 Bf8 11. Nbd2 Na5 12. Bc2 c5 1/2-1/2

[Event "Sao Paulo-ch fin"]
[Site "Serra Negra"]
[Date "2002.??.??"]
[Round "?"]
[White "Rodriguez Vila, Andres"]
[Black "Caldeira, Adriano"]
[Result "1/2-1/2"]
[WhiteElo "2467"]
[BlackElo "2334"]
[PlyCount "31"]
[EventDate "2002.05.30"]
[EventType "swiss"]
[EventRounds "9"]
[EventCountry "BRA"]
[SourceTitle "CBM 088 Extra"]
[Source "ChessBase"]
[SourceDate "2002.07.01"]
[SourceVersion "2"]
[SourceVersionDate "2002.07.01"]
[SourceQuality "1"]

1. e4 c5 2. Nc3 Nc6 3. g3 e6 4. Bg2 Nge7 5. f4 d5 6. Nf3 dxe4 7. Nxe4 Nf5 8.
O-O Qc7 9. c3 b6 10. Qe2 Be7 11. g4 Nd6 12. Ng3 O-O 13. d3 Re8 14. Be3 Bb7 15.
Rad1 Bf8 16. Qf2 1/2-1/2

[Event "Sao Paulo-ch fin"]
[Site "Serra Negra"]
[Date "2002.??.??"]
[Round "?"]
[White "Rodriguez Vila, Andres"]
[Black "Pelikian, Jefferson"]
[Result "1/2-1/2"]
[WhiteElo "2467"]
[BlackElo "2403"]
[PlyCount "87"]
[EventDate "2002.05.30"]
[EventType "swiss"]
[EventRounds "9"]
[EventCountry "BRA"]
[SourceTitle "CBM 088 Extra"]
[Source "ChessBase"]
[SourceDate "2002.07.01"]
[SourceVersion "2"]
[SourceVersionDate "2002.07.01"]
[SourceQuality "1"]

1. e4 c6 2. d4 d5 3. e5 Bf5 4. Ne2 e6 5. Ng3 Bg6 6. h4 h6 7. h5 Bh7 8. Bd3 Bxd3
9. Qxd3 Nd7 10. f4 Ne7 11. O-O Qb6 12. Nc3 O-O-O 13. Be3 g6 14. Rab1 Nf5 15.
Nxf5 gxf5 16. b4 Qc7 17. Na4 b5 18. Nc5 Nb6 19. Bf2 Bxc5 20. bxc5 Nc4 21. a4 a6
22. axb5 axb5 23. Ra1 Kb7 24. Ra2 Qe7 25. Rfa1 Ra8 26. Rxa8 Rxa8 27. Rxa8 Kxa8
28. Qg3 Qf8 29. Qh4 Kb7 30. Qf6 b4 31. g4 fxg4 32. f5 Qg8 33. fxe6 fxe6 34. Qg6
Qf8 35. Qxg4 Qf7 36. Qg6 Qf4 37. Qxe6 Qg5+ 38. Kf1 Qxh5 39. Qd7+ Kb8 40. Kg2
Qg5+ 41. Kh3 Qh5+ 42. Kg3 Qg5+ 43. Kh3 Qh5+ 44. Kg3 1/2-1/2

[Event "Sao Paulo-ch fin"]
[Site "Serra Negra"]
[Date "2002.??.??"]
[Round "?"]
[White "Rodriguez Vila, Andres"]
[Black "Van Riemsdijk, Vinicius Paulo"]
[Result "1-0"]
[WhiteElo "2467"]
[BlackElo "2193"]
[PlyCount "93"]
[EventDate "2002.05.30"]
[EventType "swiss"]
[EventRounds "9"]
[EventCountry "BRA"]
[SourceTitle "CBM 088 Extra"]
[Source "ChessBase"]
[SourceDate "2002.07.01"]
[SourceVersion "2"]
[SourceVersionDate "2002.07.01"]
[SourceQuality "1"]

1. e4 c5 2. Nc3 e6 3. Nge2 Nc6 4. g3 Nd4 5. Bg2 Ne7 6. Nxd4 cxd4 7. Ne2 Qb6 8.
c3 Nc6 9. O-O Be7 10. d3 O-O 11. Kh1 d6 12. cxd4 Nxd4 13. Be3 e5 14. b3 Qb4 15.
Bxd4 exd4 16. Nf4 Be6 17. Rc1 Qa5 18. Qe2 Rac8 19. Rxc8 Rxc8 20. Nxe6 fxe6 21.
Bh3 Qe5 22. Qg4 Rc2 23. Qxe6+ Qxe6 24. Bxe6+ Kf8 25. a4 Bd8 26. Kg2 Ba5 27. h4
Ke7 28. Bg8 h6 29. Kf3 Bd2 30. Kg4 Rc1 31. Rxc1 Bxc1 32. f4 Bd2 33. Kf3 Be1 34.
e5 dxe5 35. fxe5 g6 36. Ke4 Bxg3 37. h5 gxh5 38. Kxd4 Bf2+ 39. Kd5 h4 40. Be6
h5 41. Bh3 Bg1 42. Ke4 Bf2 43. d4 Kd8 44. d5 Kc7 45. Kf5 Bg3 46. Kf6 Be1 47. e6
1-0

[Event "Sao Paulo-ch fin"]
[Site "Serra Negra"]
[Date "2002.??.??"]
[Round "?"]
[White "Slipak, Sergio"]
[Black "Rodriguez Vila, Andres"]
[Result "1/2-1/2"]
[WhiteElo "2498"]
[BlackElo "2467"]
[PlyCount "28"]
[EventDate "2002.05.30"]
[EventType "swiss"]
[EventRounds "9"]
[EventCountry "BRA"]
[SourceTitle "CBM 088 Extra"]
[Source "ChessBase"]
[SourceDate "2002.07.01"]
[SourceVersion "2"]
[SourceVersionDate "2002.07.01"]
[SourceQuality "1"]

1. d4 e6 2. e4 d5 3. exd5 exd5 4. Nf3 Nf6 5. Bd3 Be7 6. O-O O-O 7. Re1 Re8 8.
Bg5 Nbd7 9. c4 dxc4 10. Bxc4 Nb6 11. Bb3 Nfd5 12. Bxe7 Rxe7 13. Nc3 Rxe1+ 14.
Qxe1 Be6 1/2-1/2

[Event "Mercosur Cup 5th"]
[Site "Vicente Lopez"]
[Date "2002.07.20"]
[Round "2"]
[White "Rodriguez Vila, Andres"]
[Black "Pelikian, Jefferson"]
[Result "1/2-1/2"]
[WhiteElo "2467"]
[BlackElo "2409"]
[PlyCount "99"]
[EventDate "2002.07.19"]
[EventType "tourn"]
[EventRounds "11"]
[EventCountry "ARG"]
[EventCategory "7"]
[SourceTitle "CBM 089 Extra"]
[Source "ChessBase"]
[SourceDate "2002.09.10"]
[SourceVersion "2"]
[SourceVersionDate "2002.09.10"]
[SourceQuality "1"]

1. e4 c6 2. d3 d5 3. Nd2 e5 4. g3 Nf6 5. Bg2 Bd6 6. Ne2 O-O 7. O-O Nbd7 8. h3
dxe4 9. dxe4 b6 10. f4 Ba6 11. f5 Bc5+ 12. Kh2 Be3 13. Rh1 Nc5 14. Nc3 Qe7 15.
Qe1 Bxd2 16. Bxd2 Rad8 17. a4 Nb7 18. Rg1 Rd7 19. Bf3 Rfd8 20. Rg2 h6 21. Rb1
Nd6 22. b3 Bb7 23. g4 Nh7 24. h4 c5 25. Be3 f6 26. Qe2 Nf7 27. Qc4 Kh8 28. a5
Rd4 29. Qe6 Qf8 30. b4 Rxb4 31. axb6 Rxb1 32. Nxb1 Rd6 33. Qb3 axb6 34. Bxc5
bxc5 35. Qxb7 Rd4 36. Nc3 Nd6 37. Qa7 Nc8 38. Qc7 Rd8 39. Na4 c4 40. Qxc4 Qa3
41. Qb3 Qc1 42. Nc5 Qe1 43. Kh3 Ne7 44. Nd3 Qh1+ 45. Kg3 g5 46. fxg6 Nxg6 47.
Rh2 Qg1+ 48. Rg2 Qh1 49. Rh2 Qg1+ 50. Rg2 1/2-1/2

[Event "Mercosur Cup 5th"]
[Site "Vicente Lopez"]
[Date "2002.07.21"]
[Round "3"]
[White "Scarella, Enrique Alejandro"]
[Black "Rodriguez Vila, Andres"]
[Result "1/2-1/2"]
[WhiteElo "2358"]
[BlackElo "2467"]
[PlyCount "20"]
[EventDate "2002.07.19"]
[EventType "tourn"]
[EventRounds "11"]
[EventCountry "ARG"]
[EventCategory "7"]
[SourceTitle "CBM 089 Extra"]
[Source "ChessBase"]
[SourceDate "2002.09.10"]
[SourceVersion "2"]
[SourceVersionDate "2002.09.10"]
[SourceQuality "1"]

1. d4 f5 2. g3 Nf6 3. Bg2 g6 4. c4 Bg7 5. Nc3 O-O 6. Nh3 Nc6 7. Nf4 e5 8. dxe5
Nxe5 9. h4 c6 10. c5 Qe7 1/2-1/2

[Event "Mercosur Cup 5th"]
[Site "Vicente Lopez"]
[Date "2002.07.22"]
[Round "5"]
[White "Rodriguez Vila, Andres"]
[Black "Spangenberg, Hugo"]
[Result "1-0"]
[WhiteElo "2467"]
[BlackElo "2508"]
[PlyCount "63"]
[EventDate "2002.07.19"]
[EventType "tourn"]
[EventRounds "11"]
[EventCountry "ARG"]
[EventCategory "7"]
[SourceTitle "CBM 089 Extra"]
[Source "ChessBase"]
[SourceDate "2002.09.10"]
[SourceVersion "2"]
[SourceVersionDate "2002.09.10"]
[SourceQuality "1"]

1. e4 d6 2. d4 g6 3. h4 Nf6 4. Nc3 Bg7 5. Be2 h6 6. h5 g5 7. f4 gxf4 8. Bxf4
Nc6 9. Nf3 Bg4 10. d5 Nb8 11. Nh4 Qc8 12. e5 dxe5 13. Bxe5 Rg8 14. O-O Bxe2 15.
Qxe2 Qg4 16. Qxg4 Nxg4 17. Bxg7 Rxg7 18. Nf5 Rh7 19. Rae1 f6 20. d6 cxd6 21.
Nd5 Kd7 22. Nfxe7 Rf7 23. Re4 Nc6 24. Rxg4 Nxe7 25. Nxf6+ Kc6 26. Rc4+ Kb5 27.
Rc7 Ka6 28. Rd7 Rc8 29. Rxd6+ b6 30. c3 Rc5 31. Rd7 Rg5 32. Rf4 1-0

[Event "Mercosur Cup 5th"]
[Site "Vicente Lopez"]
[Date "2002.07.23"]
[Round "6"]
[White "Granara Barreto, Sebastian A"]
[Black "Rodriguez Vila, Andres"]
[Result "1/2-1/2"]
[WhiteElo "2261"]
[BlackElo "2467"]
[PlyCount "135"]
[EventDate "2002.07.19"]
[EventType "tourn"]
[EventRounds "11"]
[EventCountry "ARG"]
[EventCategory "7"]
[SourceTitle "CBM 089 Extra"]
[Source "ChessBase"]
[SourceDate "2002.09.10"]
[SourceVersion "2"]
[SourceVersionDate "2002.09.10"]
[SourceQuality "1"]

1. d4 f5 2. Bg5 h6 3. Bh4 g5 4. e3 Nf6 5. Bg3 Bg7 6. h4 c5 7. hxg5 hxg5 8.
Rxh8+ Bxh8 9. c3 Qb6 10. Qb3 Qxb3 11. axb3 cxd4 12. Bxb8 Rxb8 13. exd4 a6 14.
Nf3 g4 15. Nh4 e6 16. Nd2 Kd8 17. Nc4 Kc7 18. g3 d6 19. Ne3 Bd7 20. Bg2 Nh5 21.
Kd2 Rg8 22. Rh1 f4 23. gxf4 Nxf4 24. Be4 Nh3 25. Rh2 Bf6 26. Nhf5 Bg5 27. Ng3
Bf4 28. Ke2 Ng1+ 29. Kd3 d5 30. Bh1 Nh3 31. Nxg4 Nxf2+ 32. Rxf2 Bxg3 33. Nf6
Rg6 34. Rg2 Rxf6 35. Rxg3 Rf1 36. Bg2 Rb1 37. Kc2 Rg1 38. c4 dxc4 39. bxc4 Bc6
40. d5 exd5 41. cxd5 Bxd5 42. Rc3+ Kd6 43. Bxd5 Kxd5 44. Rc7 b6 45. Rh7 Rg5 46.
Rh6 Kc5 47. Kb3 a5 48. Rh3 Kb5 49. Rc3 a4+ 50. Ka3 Ka5 51. Rh3 b5 52. Rf3 Rg2
53. Rf5 Rd2 54. Rh5 Rd3+ 55. Ka2 Kb6 56. Rh2 b4 57. Re2 Kb5 58. Rh2 Rd1 59.
Rh5+ Kc4 60. Rh4+ Kc5 61. Rh5+ Rd5 62. Rh1 Rd4 63. Rh5+ Kc4 64. Ra5 a3 65. bxa3
Rd2+ 66. Kb1 Kb3 67. Kc1 Rc2+ 68. Kd1 1/2-1/2

[Event "Mercosur Cup 5th"]
[Site "Vicente Lopez"]
[Date "2002.07.24"]
[Round "7"]
[White "Rodriguez Vila, Andres"]
[Black "Paglilla, Carlos"]
[Result "1-0"]
[WhiteElo "2467"]
[BlackElo "2374"]
[PlyCount "70"]
[EventDate "2002.07.19"]
[EventType "tourn"]
[EventRounds "11"]
[EventCountry "ARG"]
[EventCategory "7"]
[SourceTitle "CBM 089 Extra"]
[Source "ChessBase"]
[SourceDate "2002.09.10"]
[SourceVersion "2"]
[SourceVersionDate "2002.09.10"]
[SourceQuality "1"]

1. e4 e5 2. Nf3 Nc6 3. Bc4 d6 4. c3 Be6 5. Bxe6 fxe6 6. Qb3 Qc8 7. Ng5 Nd8 8.
O-O Be7 9. d4 Bxg5 10. Bxg5 Nf7 11. Bh4 Ne7 12. Bxe7 Kxe7 13. f4 exf4 14. Rxf4
Re8 15. Qd1 e5 16. Rf2 Qe6 17. Nd2 Kf8 18. Qh5 Kg8 19. Raf1 Rf8 20. Nf3 Rae8
21. d5 Qe7 22. c4 Nd8 23. g3 Rf6 24. Ng5 g6 25. Qh4 Rxf2 26. Rxf2 h5 27. g4 Rf8
28. gxh5 Rxf2 29. Kxf2 Qf8+ 30. Kg1 Qh6 31. Nf3 Nf7 32. hxg6 Qxg6+ 33. Kf2 Kf8
34. b4 Ke8 35. Qh3 Qxe4 1-0

[Event "Mercosur Cup 5th"]
[Site "Vicente Lopez"]
[Date "2002.07.29"]
[Round "11"]
[White "Rodriguez Vila, Andres"]
[Black "Roselli Mailhe, Bernardo"]
[Result "1/2-1/2"]
[WhiteElo "2467"]
[BlackElo "2426"]
[PlyCount "28"]
[EventDate "2002.07.19"]
[EventType "tourn"]
[EventRounds "11"]
[EventCountry "ARG"]
[EventCategory "7"]
[SourceTitle "CBM 089 Extra"]
[Source "ChessBase"]
[SourceDate "2002.09.10"]
[SourceVersion "2"]
[SourceVersionDate "2002.09.10"]
[SourceQuality "1"]

1. e4 e5 2. Nf3 Nf6 3. Nxe5 d6 4. Nf3 Nxe4 5. Qe2 Qe7 6. d4 Bg4 7. Qe3 d5 8. c3
c6 9. h3 Bh5 10. g4 Bg6 11. Bg2 Nd7 12. Nbd2 Nxd2 13. Nxd2 O-O-O 14. O-O Re8
1/2-1/2

[Event "Itau Mercosul Cup 6th"]
[Site "Sao Paulo"]
[Date "2002.09.29"]
[Round "2"]
[White "Chang, Suzana"]
[Black "Rodriguez Vila, Andres"]
[Result "0-1"]
[WhiteElo "2144"]
[BlackElo "2467"]
[PlyCount "84"]
[EventDate "2002.09.28"]
[EventType "swiss"]
[EventRounds "9"]
[EventCountry "BRA"]
[SourceTitle "CBM 090 Extra"]
[Source "ChessBase"]
[SourceDate "2002.11.07"]
[SourceVersion "1"]
[SourceVersionDate "2002.11.07"]
[SourceQuality "1"]

1. d4 f5 2. g3 Nf6 3. Bg2 g6 4. c4 Bg7 5. Nc3 O-O 6. Nh3 Nc6 7. O-O d6 8. Nf4
e5 9. dxe5 dxe5 10. Qxd8 Nxd8 11. Nd3 Nf7 12. Be3 c6 13. Rad1 Re8 14. Bc1 e4
15. Ne1 Ng4 16. Nb1 e3 17. f4 Nf2 18. Rxf2 exf2+ 19. Kxf2 Be6 20. b3 a5 21. Nd3
a4 22. Be3 axb3 23. axb3 Ra1 24. Rh1 Bc8 25. Nd2 Ra2 26. Rc1 Nd6 27. Nb4 Ra8
28. Nd3 Bf6 29. Rc2 Ra1 30. Nc5 Rd1 31. Ra2 Nf7 32. h4 h6 33. Bf3 Kg7 34. Na4
Rd8 35. Nc5 Bc3 36. Nd3 Nd6 37. Nf1 Ne4+ 38. Kg2 Rb1 39. Ra3 Bf6 40. Bb6 Re8
41. b4 Rxf1 42. Kxf1 Nd2+ 0-1

[Event "Itau Mercosul Cup 6th"]
[Site "Sao Paulo"]
[Date "2002.09.29"]
[Round "3"]
[White "Rodriguez Vila, Andres"]
[Black "Patriarca, Luis"]
[Result "1-0"]
[WhiteElo "2467"]
[BlackElo "2285"]
[PlyCount "33"]
[EventDate "2002.09.28"]
[EventType "swiss"]
[EventRounds "9"]
[EventCountry "BRA"]
[SourceTitle "CBM 090 Extra"]
[Source "ChessBase"]
[SourceDate "2002.11.07"]
[SourceVersion "1"]
[SourceVersionDate "2002.11.07"]
[SourceQuality "1"]

1. e4 c6 2. d4 d5 3. e5 Bf5 4. Ne2 e6 5. Ng3 Bg6 6. h4 h5 7. Be2 c5 8. dxc5 Nc6
9. Bxh5 Bxh5 10. Nxh5 g6 11. Ng3 Rxh4 12. O-O Bxc5 13. Qe2 Nh6 14. Qb5 Ng4 15.
Qxc5 Rh1+ 16. Nxh1 Qh4 17. Bf4 1-0

[Event "Itau Mercosul Cup 6th"]
[Site "Sao Paulo"]
[Date "2002.09.30"]
[Round "4"]
[White "De Souza, Mauro Guimaraes"]
[Black "Rodriguez Vila, Andres"]
[Result "1/2-1/2"]
[WhiteElo "2350"]
[BlackElo "2467"]
[PlyCount "98"]
[EventDate "2002.09.28"]
[EventType "swiss"]
[EventRounds "9"]
[EventCountry "BRA"]
[SourceTitle "CBM 090 Extra"]
[Source "ChessBase"]
[SourceDate "2002.11.07"]
[SourceVersion "1"]
[SourceVersionDate "2002.11.07"]
[SourceQuality "1"]

1. d4 e6 2. c4 Nf6 3. Nc3 Bb4 4. e3 b6 5. Nge2 Ba6 6. a3 Be7 7. Nf4 d5 8. cxd5
Bxf1 9. Kxf1 exd5 10. Qf3 c6 11. g4 g5 12. Nh5 Nxh5 13. gxh5 Na6 14. e4 Nc7 15.
h4 gxh4 16. Bf4 dxe4 17. Qxe4 Nd5 18. Re1 Qd7 19. Nxd5 cxd5 20. Qe5 f6 21. Qxf6
Rf8 22. Qxh4 Rf7 23. Qg3 Rc8 24. Rh4 Rc6 25. Rg4 Rcf6 26. Rg8+ Rf8 27. Rxf8+
Kxf8 28. Be5 Rf7 29. Rc1 Qf5 30. Rc7 Bg5 31. Bd6+ Ke8 32. Rxf7 Kxf7 33. a4 Bf6
34. Be5 Qxh5 35. Bxf6 Qh1+ 36. Ke2 Qe4+ 37. Kf1 Kxf6 38. Qd6+ Kg5 39. Qg3+ Kf5
40. Qh3+ Kf6 41. Qh6+ Kf7 42. Qh5+ Ke7 43. Qg5+ Kd7 44. Qg7+ Qe7 45. Qg8 Kd6
46. b4 Qd7 47. Qf8+ Kc7 48. b5 Qh3+ 49. Ke2 Qg4+ 1/2-1/2

[Event "Itau Mercosul Cup 6th"]
[Site "Sao Paulo"]
[Date "2002.10.01"]
[Round "5"]
[White "Rodriguez Vila, Andres"]
[Black "Santos, Marcus Vinicius M"]
[Result "1-0"]
[WhiteElo "2467"]
[BlackElo "2234"]
[PlyCount "47"]
[EventDate "2002.09.28"]
[EventType "swiss"]
[EventRounds "9"]
[EventCountry "BRA"]
[SourceTitle "CBM 090 Extra"]
[Source "ChessBase"]
[SourceDate "2002.11.07"]
[SourceVersion "1"]
[SourceVersionDate "2002.11.07"]
[SourceQuality "1"]

1. e4 e5 2. Nf3 Nc6 3. Bc4 Nf6 4. d3 Bc5 5. c3 d6 6. Nbd2 a6 7. h3 O-O 8. Bb3
Ba7 9. g4 d5 10. g5 Nh5 11. exd5 Nf4 12. Ne4 Nxd5 13. Qe2 Be6 14. h4 Kh8 15.
Rg1 b5 16. Bd2 a5 17. h5 f5 18. gxf6 gxf6 19. Bh6 Rf7 20. Nh4 Rd7 21. Qf3 f5
22. Nxf5 Bxf5 23. Bxd5 Bxe4 24. dxe4 1-0

[Event "Itau Mercosul Cup 6th"]
[Site "Sao Paulo"]
[Date "2002.10.04"]
[Round "8"]
[White "Rodriguez Vila, Andres"]
[Black "Roselli Mailhe, Bernardo"]
[Result "0-1"]
[WhiteElo "2467"]
[BlackElo "2426"]
[PlyCount "43"]
[EventDate "2002.09.28"]
[EventType "swiss"]
[EventRounds "9"]
[EventCountry "BRA"]
[SourceTitle "EXT 2008"]
[Source "ChessBase"]
[SourceDate "2007.11.25"]
[SourceVersion "1"]
[SourceVersionDate "2007.11.25"]
[SourceQuality "1"]

1. e4 e5 2. Nf3 Nc6 3. Bc4 Nf6 4. d3 Bc5 5. c3 d6 6. b4 Bb6 7. Nbd2 a6 8. Bb3
Be6 9. Nc4 Ba7 10. Bg5 b5 11. Ne3 h6 12. Bh4 g5 13. Bg3 Qd7 14. a4 O-O 15. O-O
Bxb3 16. Qxb3 Qe6 17. Qc2 Bxe3 18. fxe3 d5 19. Rfd1 Rad8 20. c4 Ng4 21. Re1 f6
22. d4 0-1

[Event "Sao Paulo Communic 1st"]
[Site "Sao Paulo"]
[Date "2002.10.07"]
[Round "1"]
[White "Vera, I Jorge"]
[Black "Rodriguez Vila, Andres"]
[Result "0-1"]
[WhiteElo "2190"]
[BlackElo "2490"]
[PlyCount "60"]
[EventDate "2002.10.07"]
[EventType "tourn"]
[EventRounds "9"]
[EventCountry "BRA"]
[EventCategory "3"]
[SourceTitle "EXT 2012"]
[Source "ChessBase"]
[SourceDate "2011.11.24"]
[SourceVersion "1"]
[SourceVersionDate "2011.11.24"]
[SourceQuality "1"]

1. d4 f5 2. Bg5 h6 3. Bh4 g5 4. Bg3 Nf6 5. e3 Bg7 6. Bd3 d6 7. Nd2 Nc6 8. h4 e5
9. hxg5 hxg5 10. Rxh8+ Bxh8 11. c3 Qe7 12. dxe5 dxe5 13. Qe2 Bd7 14. f3 O-O-O
15. e4 Nh5 16. Bh2 g4 17. fxg4 fxg4 18. g3 Bf6 19. O-O-O Bg5 20. Kb1 Nf6 21.
Bc2 Be8 22. Nf1 Rxd1+ 23. Qxd1 Bg6 24. Qe2 Qh7 25. Bd3 Kb8 26. Kc2 Nxe4 27.
Qxg4 Nf2 28. Qxg5 Bxd3+ 29. Kc1 Bxf1 30. Qf6 Nd3+ 0-1

[Event "Sao Paulo Communic 1st"]
[Site "Sao Paulo"]
[Date "2002.10.08"]
[Round "2"]
[White "Rodriguez Vila, Andres"]
[Black "Coelho, Luis Henrique"]
[Result "1-0"]
[WhiteElo "2490"]
[BlackElo "2370"]
[PlyCount "75"]
[EventDate "2002.10.07"]
[EventType "tourn"]
[EventRounds "9"]
[EventCountry "BRA"]
[EventCategory "3"]
[SourceTitle "EXT 2012"]
[Source "ChessBase"]
[SourceDate "2011.11.24"]
[SourceVersion "1"]
[SourceVersionDate "2011.11.24"]
[SourceQuality "1"]

1. e4 c5 2. Nc3 Nc6 3. g3 g6 4. Bg2 Bg7 5. f4 d6 6. d3 e5 7. Nh3 Nge7 8. O-O
exf4 9. Bxf4 h6 10. Qd2 Be6 11. Be3 g5 12. Nd5 Qd7 13. Nf2 O-O-O 14. c3 f5 15.
b4 cxb4 16. cxb4 Kb8 17. b5 Bxd5 18. exd5 Nd4 19. b6 axb6 20. Rab1 f4 21. gxf4
Nef5 22. Kh1 Nxe3 23. Qxe3 gxf4 24. Qxf4 Be5 25. Qg4 Qe7 26. Qe4 Rhg8 27. Ng4
Rg7 28. Rxb6 Rdg8 29. Nxe5 Qxe5 30. Qxe5 dxe5 31. Rb2 b5 32. a4 Kc7 33. axb5
Nxb5 34. Rc1+ Kd8 35. Bh3 Nd4 36. d6 Ke8 37. Rf2 Nc6 38. Be6 1-0

[Event "Sao Paulo Communic 1st"]
[Site "Sao Paulo"]
[Date "2002.10.09"]
[Round "3"]
[White "Benares de sa Leitao, Ricardo"]
[Black "Rodriguez Vila, Andres"]
[Result "0-1"]
[WhiteElo "2305"]
[BlackElo "2490"]
[PlyCount "134"]
[EventDate "2002.10.07"]
[EventType "tourn"]
[EventRounds "9"]
[EventCountry "BRA"]
[EventCategory "3"]
[SourceTitle "EXT 2012"]
[Source "ChessBase"]
[SourceDate "2011.11.24"]
[SourceVersion "1"]
[SourceVersionDate "2011.11.24"]
[SourceQuality "1"]

1. e4 e6 2. d4 d5 3. exd5 exd5 4. Nf3 Bg4 5. h3 Bh5 6. Qe2+ Ne7 7. g4 Bg6 8.
Ne5 c6 9. Nc3 Qb6 10. f4 f6 11. Nxg6 hxg6 12. Qe3 Nd7 13. Bd2 Kf7 14. O-O-O Qc7
15. Re1 Qd6 16. Bd3 b5 17. f5 gxf5 18. gxf5 Nb6 19. Qf3 Nc4 20. Bf4 Qb4 21.
Bxc4 bxc4 22. Qe3 Qb7 23. Na4 Qc8 24. Qe6+ Qxe6 25. fxe6+ Ke8 26. Bd6 Nf5 27.
Bxf8 Kxf8 28. c3 Ke7 29. Nc5 Rh5 30. Rhf1 Rah8 31. Rf3 Nh4 32. Rg3 g5 33. b3
Ng6 34. bxc4 Rxh3 35. Rxh3 Rxh3 36. cxd5 cxd5 37. Kc2 Rh2+ 38. Kb3 g4 39. c4
Rh3+ 40. Ka4 dxc4 41. Rb1 Re3 42. Rb7+ Kd6 43. Rd7+ Kc6 44. Kb4 Nf4 45. Kxc4
Re1 46. Rxa7 Nd5 47. Rg7 f5 48. Rg5 Kd6 49. Nd3 Rf1 50. Rg8 Nf6 51. Ra8 Kxe6
52. d5+ Ke7 53. Ra7+ Kd8 54. Rf7 g3 55. Rxf6 g2 56. Rg6 g1=Q 57. Rxg1 Rxg1 58.
Kd4 Rd1 59. Ke3 Ke7 60. Ke2 Ra1 61. Kf3 Rxa2 62. d6+ Kxd6 63. Kf4 Ra5 64. Kg5
Kd5 65. Kf4 Ke6 66. Kg5 Rb5 67. Ne1 Rb4 0-1

[Event "Sao Paulo Communic 1st"]
[Site "Sao Paulo"]
[Date "2002.10.10"]
[Round "4"]
[White "Rodriguez Vila, Andres"]
[Black "Chang, Suzana"]
[Result "1/2-1/2"]
[WhiteElo "2490"]
[BlackElo "2145"]
[PlyCount "94"]
[EventDate "2002.10.07"]
[EventType "tourn"]
[EventRounds "9"]
[EventCountry "BRA"]
[EventCategory "3"]
[SourceTitle "EXT 2012"]
[Source "ChessBase"]
[SourceDate "2011.11.24"]
[SourceVersion "1"]
[SourceVersionDate "2011.11.24"]
[SourceQuality "1"]

1. e4 e6 2. Qe2 c5 3. Nf3 Nc6 4. g3 g6 5. Bg2 Bg7 6. h4 h6 7. d3 d6 8. O-O Nge7
9. c3 e5 10. Nh2 Be6 11. h5 g5 12. Na3 Qd7 13. g4 d5 14. Bf3 O-O-O 15. Nc2 d4
16. Rd1 Ng8 17. c4 Nf6 18. b3 Bf8 19. Bd2 Bd6 20. Rdb1 Kc7 21. a3 Rb8 22. b4 b6
23. Qd1 Rhc8 24. Be2 Bf8 25. f3 Bxc4 26. b5 Nd8 27. dxc4 d3 28. Bc3 dxc2 29.
Qxc2 Bd6 30. Qb2 Ne6 31. Bxe5 Ne8 32. Rd1 Nd4 33. Bxd4 cxd4 34. Nf1 Qe7 35. Kh1
Be5 36. Qb4 Bd6 37. Qa4 Kb7 38. Ra2 Qe5 39. Qb3 Bc5 40. a4 Kc7 41. a5 Rb7 42.
Qb2 f6 43. Bd3 Ng7 44. Nd2 Qg3 45. axb6+ axb6 46. Rda1 Ne6 47. Nf1 Qxf3+
1/2-1/2